Strangers by Trueblood Lyrics - Statistics

General Stats
  • This quiz has been taken 39 times
  • The average score is 19 of 25
Answer Stats
Hint Answer % Correct
But why should I ____? They're all just strangers care
92%
But why should I ____? They're all just strangers care
92%
Let's __! go
92%
Why should I care? 'Cause they're all just _________ strangers
92%
Why should I care? 'Cause they're all just _________ strangers
92%
Yeah, all those haters, basement ___________ complainers
88%
I say "Get better at playing ______ guitar
88%
All those ______ filled with such anger haters
88%
Told me because of that I'm _____ zesty
88%
Yeah, all those haters, ________ complainers basement
79%
My friends say that I'm in a ___ ____ boy band
79%
Saying things like, "You don't _______ this" deserve
79%
But I still ____ the words from their mouth hear
79%
'Cause I ____ you wanna be just like me" know
79%
Always, I'm _______ through the same routes running
79%
Saying things like, "He sounds too _______" nervous
75%
All those haters ______ with such anger filled
71%
I know it's something I should ___ __ let go
71%
To do my ____ after I wake up best
67%
Yeah 'cause I ____ ____ don't care
67%
All of their problems fueling my _____ doubt
67%
Every ______ I make, I'm trying mistake
67%
But everywhere, I'm _______ finding
63%
Yeah, my self-esteem don't need _________ reminding
58%
I know these ______, I should block out, but voices
58%
No matching quizzes found
Score Distribution
Percent of People with Each Score
Percentile by Number Answered
Your Score History
You have not taken this quiz